| 000 -LEADER |
| fixed length control field |
02013cam a2200349 i 4500 |
| 001 - CONTROL NUMBER |
| control field |
20616415 |
| 003 - CONTROL NUMBER IDENTIFIER |
| control field |
NUST |
| 005 - DATE AND TIME OF LATEST TRANSACTION |
| control field |
20220818135304.0 |
| 008 - FIXED-LENGTH DATA ELEMENTS--GENERAL INFORMATION |
| fixed length control field |
180804t20192019enkab b 001 0 eng |
| 010 ## - LIBRARY OF CONGRESS CONTROL NUMBER |
| LC control number |
2018037092 |
| 020 ## - INTERNATIONAL STANDARD BOOK NUMBER |
| International Standard Book Number |
9781138922471 (hardback : alk. paper) |
| 020 ## - INTERNATIONAL STANDARD BOOK NUMBER |
| International Standard Book Number |
9781138484191 (pbk. : alk. paper) |
| 040 ## - CATALOGING SOURCE |
| Original cataloging agency |
DLC |
| Language of cataloging |
eng |
| Transcribing agency |
DLC |
| Description conventions |
rda |
| Modifying agency |
DLC |
| 042 ## - AUTHENTICATION CODE |
| Authentication code |
pcc |
| 050 00 - LIBRARY OF CONGRESS CALL NUMBER |
| Classification number |
D295 |
| Item number |
.B53 2019 |
| 082 00 - DEWEY DECIMAL CLASSIFICATION NUMBER |
| Classification number |
355.009, BLA |
| Edition number |
23 |
| 100 1# - MAIN ENTRY--PERSONAL NAME |
| Personal name |
Black, Jeremy, |
| Dates associated with a name |
1955- |
| Relator term |
author. |
| 9 (RLIN) |
98042 |
| 245 10 - TITLE STATEMENT |
| Title |
Introduction to Global Military History : |
| Remainder of title |
1775 to the Present Day / |
| Statement of responsibility, etc. |
Jeremy Black. |
| 250 ## - EDITION STATEMENT |
| Edition statement |
Third edition. |
| 264 #1 - PRODUCTION, PUBLICATION, DISTRIBUTION, MANUFACTURE, AND COPYRIGHT NOTICE |
| Place of production, publication, distribution, manufacture |
London ; |
| -- |
New York, NY : |
| Name of producer, publisher, distributor, manufacturer |
Routledge/Taylor & Francis Group, |
| Date of production, publication, distribution, manufacture, or copyright notice |
2019. |
| 264 #4 - PRODUCTION, PUBLICATION, DISTRIBUTION, MANUFACTURE, AND COPYRIGHT NOTICE |
| Date of production, publication, distribution, manufacture, or copyright notice |
©2019 |
| 300 ## - PHYSICAL DESCRIPTION |
| Extent |
xvii, 338 pages : |
| Other physical details |
illustrations, maps ; |
| Dimensions |
25 cm |
| 336 ## - CONTENT TYPE |
| Content type term |
text |
| Content type code |
txt |
| Source |
rdacontent |
| 337 ## - MEDIA TYPE |
| Media type term |
unmediated |
| Media type code |
n |
| Source |
rdamedia |
| 338 ## - CARRIER TYPE |
| Carrier type term |
volume |
| Carrier type code |
nc |
| Source |
rdacarrier |
| 505 0# - FORMATTED CONTENTS NOTE |
| Formatted contents note |
Chapter 1. The world of war in the eighteenth century (Page-1), Chapter 2. Empires rise and fall 1800–30 (Page-34),Chapter 3. Moulding states, 1830–80 (Page-56),Chapter 4. Building empires 1830–1913 (Page-74),Chapter 5. World War One, 1914–18 (Page-103),Chapter 6. Between two world wars (Page-121), Chapter 7. World War Two, 1939–45 (Page-146), Chapter 8. Wars of decolonisation 1945–94 (Page-182),Chapter 9. The Cold War (Page-202),Chapter 10. Wars between non-Western powers, 1945–90 (Page-241), Chapter 11. War in the 1990s (Page-268), Chapter 12. War in the 2000s and 2010s (Page-285), Chapter 13. Conclusions (Page-315). |
| 650 #0 - SUBJECT ADDED ENTRY--TOPICAL TERM |
| Topical term or geographic name entry element |
Military history, Modern. |
| 776 08 - ADDITIONAL PHYSICAL FORM ENTRY |
| Relationship information |
Online version: |
| Main entry heading |
Black, Jeremy, 1955- author. |
| Title |
Introduction to Global Military History |
| Edition |
Third edition. |
| Place, publisher, and date of publication |
London ; New York, NY : Routledge/Taylor & Francis Group, 2019 |
| International Standard Book Number |
9780429019197 |
| Record control number |
(DLC) 2018041524 |
| 906 ## - LOCAL DATA ELEMENT F, LDF (RLIN) |
| a |
7 |
| b |
cbc |
| c |
orignew |
| d |
1 |
| e |
ecip |
| f |
20 |
| g |
y-gencatlg |
| 942 ## - ADDED ENTRY ELEMENTS (KOHA) |
| Source of classification or shelving scheme |
|
| Koha item type |
Book |